Football Féminin : joueuses de l'OL et du PSG - Statistiques

Statistiques générales
  • Ce quiz a été pris 115 fois
  • Le résultat moyen est 7 sur 32
Statistiques - réponses
Indices Réponses % Correct
France Sakina Karchaoui
79%
Chili Christiane Endler
64%
Malawi Tabitha Chawinga
61%
France Kadidiatou Diani
59%
Etats-Unis Lindsey Horan
47%
Allemagne Sarah Dabritz
47%
France Griedge Mbock
44%
France Amandine Henry
32%
France Camille Abily
32%
France Sonia Bompastor
29%
France Estelle Cascarino
23%
France Sarah Bouhaddi
23%
France Eve Perisset
21%
France Kheira Hamraoui
19%
France Perle Morroni
19%
France Vicki Becho
19%
Suède Caroline Seger
18%
France Kenza Dali
17%
Danemark Signe Bruun
17%
Costa Rica Shirley Cruz
14%
France Laura Georges
11%
France Jessica Houara-d'Hommeaux
7%
Brésil Kátia da Silva
7%
France Elise Bussaglia
6%
France Aurélie Kaci
4%
France Laure Lepailleur
4%
Allemagne Josephine Henning
2%
Brésil Rosana
2%
France Véronique Pons
2%
France Gwenaëlle Pelé
1%
France Saïda Akherraze
1%
France Méline Gérard
0%
Aucun quiz correspondant
Distribution des résultats
% des personnes avec chaque résultat
Percentile par nombre de réponses
Votre historique - résultats
Vous n’avez pas pris ce quiz